| 000 | 00620nam a2200241 a 4500 | ||
|---|---|---|---|
| 001 | 0001-1048 | ||
| 003 | ELIB.Books | ||
| 008 | 141126 2010 eng | ||
| 020 | _a01741756 | ||
| 035 | _a(ELIB.Books)0001-1203 | ||
| 092 |
_a230 _bGre |
||
| 100 | _aGreive, Wolfgang. | ||
| 245 | _aJustification in the World's Context | ||
| 260 |
_aSwitzerland _bThe Lutheran World Federation _c2000 |
||
| 300 |
_a258 _c23 Cm |
||
| 500 | _aTaylor, Saw. | ||
| 650 | _aTheology | ||
| 856 |
_nKBTS; Library _uKBTS; Elib. |
||
| 942 |
_2ddc _cBK |
||
| 990 | _a1 | ||
| 998 |
_cbat _e2014-11-26 |
||
| 999 |
_c11048 _d11048 |
||